Acronyms - Statistics

General Stats
  • This quiz has been taken 68 times
    30 since last reset
  • The average score is 12 of 20
Answer Stats
Acronym Hint Answer % Correct
UK World United Kingdom
100%
USA World United States of America
100%
VW Car Volkswagen
100%
EU World European union
93%
PS5 Tech PlayStation 5
93%
UN World United Nations
93%
WWW Tech World Wide Web
93%
PE School Physical Education
89%
PC Tech Personal computer
86%
F1 Sport Formula 1
79%
OJ Food & Drink Orange Juice
79%
GTA 5 Tech Grand Theft Auto 5
71%
WC Utility Water closet
46%
EFL Sport English Football League
39%
ABV Food & Drink Alcohol By Volume
25%
TFL Transport Transport for London
21%
GWR Transport Great western railway
11%
DLR Transport Docklands light railway
4%
OPEC Oil Organisation of petroleum exporting countries
4%
WEC Sport World Endurance Car
0%
No matching quizzes found
Score Distribution
Percent of People with Each Score
Percentile by Number Answered
Your Score History
You have not taken this quiz since the last reset